00718nam a22002177a 450000500170000001000150001702000260003203500130005803700130007108200120008410000160009624500620011226000360017427000680021030000360027850000520031465000260036665000360039265000200042871000520044820130617110811.0 aENG-107490 a9789380502748c720.00 aEN-91023 bDBAD/PUB a355.343 aSharma, M K aCyber warfare :bthe power of the unseen /cby M K Sharma aNew DelhibK W Publishersc2011 a4676/21, First Floor, Ansari Road, DaryagangbNew Delhie110002 axv,245p. :c24cm(Hb)bill.,maps a Includes bibliographical references and index. a Information warfare. a CyberspacexSecurity measures. aCyberterrorism. aCentre for Air Power Studies (New Delhi, India)